00812nam a22002175i 4500001000700000003000900007005001700016008004100033020002200074080003100096245006000127250001200187260007200199300002100271504002000292600006600312710004100378852003300419999001900452952012300471169053ES-MaACL20230906213957.0080805s2006 sp |||| | spa d a978-84-8103-478-3 a929 Pérez Galdos, Benito00aBenito Pérez Galdós b: cronología, (1843 -1920). a1ª ed. aLas Palmas de Gran Canaria : bCasa Museo Pérez Galdós, c2006. a62 p. ; c21 cm. aBibliografía.17aPérez Galdós, Benito,d1843-1920-xCronología291381422 aCasa Museo Pérez Galdós.91378354 aES-MaACLjL-29535 9R.143070 c169053d169053 00104070aATENEOMbATENEOMcDEPO2d2008-08-05eDONl0oL-29535p1177444r2023-02-23 00:00:00w2023-02-23yMONOGRAFIA